[Event "Kharkov Caissa"]
[Site "Kharkov"]
[Date "2010.??.??"]
[Round "1"]
[White "Tishin, Petr"]
[Black "Kondaurov, Anton"]
[Result "1-0"]
[WhiteElo "2398"]
[BlackElo "2252"]
[PlyCount "35"]
[EventDate "2010.03.21"]
[EventType "tourn"]
[EventRounds "9"]
[EventCountry "UKR"]
[EventCategory "7"]
[SourceTitle "CBM 135 Extra"]
[Source "ChessBase"]
[SourceDate "2010.05.04"]
[SourceVersion "1"]
[SourceVersionDate "2010.05.04"]
[SourceQuality "1"]

1. e4 e5 2. d4 exd4 3. Qxd4 Nc6 4. Qe3 Nf6 5. Nc3 Be7 6. Bc4 d6 7. Nf3 Bd7 8. Bd2 0-0 9. 0-0-0 Na5 10. Bd3 c5 11. e5 dxe5 12. Nxe5 Qc7 13. Nxd7 Qxd7 14. Qf3 h6 15. Bxh6 gxh6 16. Bh7+ Kxh7 17. Rxd7 Nxd7 18. Qf5+ 1-0